000 00864nam a22002537a 4500
001 35344
003 UA-OsUOA
005 20230217195714.0
007 ta
008 20051123b un ||||| |||| 00| 0 ukr d
020 _a966-7982-51-3
040 _aUA-OsUOA
_bukr
_cUA-OsUOA
_dUA-OsUOA
041 _aukr
080 _a340.1+35.078.3
090 _a340.1+35.078.3
_bК-66
100 _aКормич Б. А.
245 _aІнформаційна безпека: організаційно-правові основи
_bнавч. посіб.
260 _aК.
_bКондор
_c2004
300 _a384 с.
650 7 _a340 Право в цілому. Пропедевтика. Методи та допоміжні правничі науки
_2UDC
942 _cBK
_2udc
955 _a2
999 _c321707
_d321707